1696 1059 1684 1179 1203 1458 1319 1397 1623 1180 1325 1993 1042 1264 1480 1416 1541 1493 1984 1304 1366 1915 1909 1320 1051 1416 1049 1576 1794 1817 1531 1450 1708 1297 1616 1878 1363 1668 1103 1804 1490 1531 1628 1630 1947 1696 1679 1550 1088 1077 1448 1686 1747 1083 1342 1004 1106 1371 1642 1155 1448 1065 1998 1514 1463 1790 1547 1723 1831 1144 1694 1004 1685 1534 1377 1915 1541 1953 1596 1624 1058 1971 1890 1900 1500 1893 1193 1993 1273 1204 1215 1475 1099 1294 1893 1755 1330 1557 1418 BCNSPRNW ULIB Ver.6.0+V

เปลี่ยนเป็นภาษาไทย

Change to English
 แสดงรายละเอียดบรรณานุกรม
  กลับหน้าหลัก

Brief Record : Get Marc (ISO 2709) : E-mail record : QR code < ปิดหน้าต่าง
LEADER : 00000nam 2200000uu 4500
001    13399112330
003     ULIB
008    110627s||||||||th 000 0 tha d
020    9786160603770
090    นว.^bF111S มปป.
100 0  Fairy
245 00 Sweet lover...แผนการร้ายป่วนหัวใจเธอ/^cFairy
260    กรุงเทพฯ :^bแจ่มใส,^cมปป.
300    177 หน้า
710 1  แจ่มใส
945    ^p139^l0^i030390
995    ทศพร
999 ^a ใช้งานได้ทุกระบบ
รายการนี้ยังไม่มีแท็ก
คุณยังไม่ได้ล็อกอิน คุณสามารถมีกิจกรรมร่วมกับเว็บไซต์ได้ แต่ต้องล็อกอินก่อน ::
  ล็อกอิน

รายการสื่อสารสนเทศ

ลำดับที่ ประเภท เลขเรียก/บาร์โค้ด สถานที่ สถานะ
- ไม่พบข้อมูล -

BibComment


ยังไม่เคยถูกคอมเมนท์

คอมเมนท์ทรัพยากรรายการนี้
  คอมเมนท์: Sweet loverแผนการ..


 Copyright 2026. Bcnsprnw @Library